00934nam a2200229 a 4500001001000000003000500010005001700015008004100032010001100073011001100084040000900095100003200104245018300136260004100319500006000360502008500420650003100505650003500536650003000571650003300601856007000634000114043CHAP20220329144424.0171023s2017 mx a fsm |||||||spa d a110504 a111476 cCHAP1 aOlivera Espina, Juan Arturo10aEstudio de factibilidad técnico ecónomico para la instalación de una planta pasteurizadora de leche en Chignahuapan, Puebla /h[En línea]cpor Juan Arturo Olivera Espina. aChapingo, Méx. :bEl autor,c2017. aPara ver el contenido del material haga clic en la liga aTesis (Ing. Agroindustrial) -- UACH. Departamento de Ingeniería Agroindustrial14aIndustria lecheraxPuebla.14aLechexCostos de producción.14aLechexNormas de calidad.14aLechexProducciónzPuebla. aFinding aiduhttp://10.13.5.2/tesis/sist114043.pdfzTeclea aquí